1957 1994 1274 1081 1729 1762 1143 1691 1584 1260 1665 1584 1328 1421 1671 1865 1624 1563 1495 1030 1977 1101 1231 1323 1044 1241 1384 1868 1575 1314 1313 1874 1037 1834 1080 1755 1655 1176 1648 1702 1081 1401 1768 1179 1557 1590 1673 1806 1900 1241 1503 1037 1852 1044 1713 1190 1690 1261 1860 1801 1935 1286 1854 1318 1732 1734 1556 1394 1984 1907 1184 1491 1688 1331 1193 1964 1523 1736 1343 1129 1614 1310 1633 1577 1142 1313 1580 1200 1557 1816 1665 1879 1029 1563 1668 1447 1555 1451 1461 BCNSPRNW ULIB Ver.6.0+V

เปลี่ยนเป็นภาษาไทย

Change to English
 แสดงรายละเอียดบรรณานุกรม
  กลับหน้าหลัก

Brief Record : Get Marc (ISO 2709) : E-mail record : QR code < ปิดหน้าต่าง
LEADER : 00000nam 2200000uu 4500
001    13399124502
003     ULIB
008    020711s2556 th a 000 0 tha d
020    9789749804209
020    9789749804201
090    นว.^bล158บ ล.2
100    ล่อร่า อิงกัลล์ส์ ไวล์เดอร์;^eผู้แต่ง
245    บ้านเล็กในทุ่งกว้าง/^cล่อร่า อิงกัลล์ส์ ไวล์เดอร์ ; เขียน,สุคนธรส ; แปล
250    พิมพ์ครั้งที่10
260    กรุงเทพฯ :^bแพรวเยาวชน,^c2556
300    243 หน้า;^b18.5 ซม.
500    หนังสือชุดบ้านเล็ก
700    สุคนธรส ;^eแปล
945    ^p155^l0^i039773
999    ^aทศพร
รายการนี้ยังไม่มีแท็ก
คุณยังไม่ได้ล็อกอิน คุณสามารถมีกิจกรรมร่วมกับเว็บไซต์ได้ แต่ต้องล็อกอินก่อน ::
  ล็อกอิน

รายการสื่อสารสนเทศ

ลำดับที่ ประเภท เลขเรียก/บาร์โค้ด สถานที่ สถานะ
1. นวนิยาย
นวนิยาย
นว. ล158บ ล.2 ฉ.1 
  Barcode: 039773
ห้องสมุดวิทยาเขตสวรรค์ประชารักษ์
►นวนิยาย
ถูกยืม กำหนดส่งวันที่ 6 มีนาคม 2567
  จอง

BibComment


ยังไม่เคยถูกคอมเมนท์

คอมเมนท์ทรัพยากรรายการนี้
  คอมเมนท์: บ้านเล็กในทุ่งกว้..


 Copyright 2026. Bcnsprnw @Library